Middelalderen - Statistics

General Stats
  • This quiz has been taken 274 times
    229 since last reset
  • The average score is 11 of 24
Answer Stats
Hint Answer % Correct
Den katolske kirkens øverste biskop og leder med hovedsete i Roma Paven
71%
Systemet der en konge gir landområder til sine riddere for at de skal styre dem (men som etter hvert gikk i arv) Føydalisme
67%
Den store pesten ca. 1349 Svartedauden
64%
Den privilegerte standen som styrte disse landområdene (om de arvet), og som hadde en bondebefolkning under seg Adel
62%
Denne mannen har blitt kalt Europas far fordi han ble keiser i Sentral- og Vest-Europa i 800 Karl den store
62%
Landområdene som ble styrt på vegne av kongen (men som gikk i arv) Len
57%
Hvilken tidsepoke som er viktig i norsk historie, foregikk på slutten av tidlig middelalder fra 793-1066? Vikingtiden
57%
Året den siste vest-romerske keiseren ble avsatt og antikken endte 476
55%
Religionen til denne keiseren (som dominerte i hele middelalderen) Katolsk kristendom
55%
Hovedstaden i det bysantinske keiserriket (før det kjent som Østromerriket) Konstantinopel
55%
Kristne ridderes forsøk på å erobre det hellige land (altså Jerusalem) Korstogene
52%
Året Muhammad grunnla islam (dvs. ble den siste profeten ifølge islam) 610
50%
Kirkens munker, nonner, prester og biskoper som stand (eide også mye jord) Geistlige
50%
Den fryktede mongolske krigsherren på 1200-tallet Dsjengis Khan
45%
Den største maleren av dem alle fra denne tiden Leonardo da Vinci
45%
Oppfinneren av boktrykkerkunsten ca. 1455 Johann Gutenberg
43%
Det store muslimske riket i tidlig middelalder Kalifatet
43%
Det man kaller bønder som var ufrie (skulle ikke forlate jorden de måtte dyrke) Livegne (serfer)
43%
Dette dokumentet fra 1215 gjorde de engelske baronene fikk en rådgivende rolle overfor kongen i et parlament Magna Carta
38%
Folket som erobret England i 1066 Normannerne
31%
Hva forbindes Firenze, Venezia, Milano og Pisa aller mest med (slutten av middelalderen)? Renessansen
26%
Det katolske keiserriket i middelalderen (dekket dagens Tyskland og mer helt til 1806) kaller vi... Det hellige tysk-romerske riket
24%
Kampen mellom paven og den tysk-romerske keiseren om innflytelse i Europa Investiturstriden
19%
Det tyrkiske riket som erobret Bysants og Konstantinopel i 1453 og eksisterte helt til 1922 Osmanerriket
12%
No matching quizzes found
Score Distribution
Percent of People with Each Score
Percentile by Number Answered
Your Score History
You have not taken this quiz since the last reset